000
00301nam a22001337a 4500
008
190222b xxu||||| |||| 00| 0 eng d
020
_a
9780073370637
041
_a
eng
080
_2
12th
_a
616-053.2
100
_a
8
101
_a
PED
245
_a
Child Development
_c
Santrock, J.W
942
_2
udc
_c
BK
999
_c
54123
_d
54123